Prussian-American relations, 1775-1871.

Bibliographic Details
Main Author: Adams, Henry Mason, 1907-
Format: Book
Language:English
Published: [Cleveland] : Press of Western Reserve University, 1960.
Subjects:

MARC

Tag First Indicator Second Indicator Subfields
LEADER 00000cam a2200000 4500
001 in00000062390
005 20151007082907.0
008 721003s1960 ohu b 00000 eng u
010 |a  60012702  
035 |a (OCoLC)00421725 
035 |9 AAF8550AM 
040 |c WSU  |d TXA  |d UtOrBLW 
049 |a TXAM  |c [337053] 
050 0 |a E183.8.P83  |b A65 
092 |a 327.73  |b A213p 
100 1 |a Adams, Henry Mason,  |d 1907- 
245 1 0 |a Prussian-American relations, 1775-1871. 
264 1 |a [Cleveland] :  |b Press of Western Reserve University,  |c 1960. 
300 |a 135 pages 
336 |a text  |b txt  |2 rdacontent 
337 |a unmediated  |b n  |2 rdamedia 
338 |a volume  |b nc  |2 rdacarrier 
504 |a Bibliography: pages 109-124. 
651 0 |a United States  |x Relations  |z Germany  |z Prussia. 
651 0 |a Prussia (Germany)  |x Relations  |z United States. 
999 |a MARS 
999 f f |s 657612b8-56a3-394d-b869-18074c92c072  |i e5df313f-421c-3ad4-8747-4dae5f836733  |t 0 
952 f f |p ric  |a Texas A&M University  |b Rellis Campus  |c Joint Library Facility  |d Remote Storage  |t 0  |e E183.8.P83 A65  |h Library of Congress classification  |i unmediated -- volume  |m A14800677024 
998 f f |a E183.8.P83 A65  |t 0  |l Remote Storage